[Event "BL 8889 Sindelfingen-Porz"]
[Site "?"]
[Date "1989.??.??"]
[Round "?.8"]
[White "Runau, R."]
[Black "Schulz, KJ."]
[Result "1/2-1/2"]
[WhiteElo "2325"]
[BlackElo "2360"]
[PlyCount "56"]
[EventDate "1989.??.??"]

1. d4 d5 2. c4 dxc4 3. Nf3 Nf6 4. e3 c5 5. Bxc4 e6 6. O-O a6 7. a4 Nc6 8. Nc3
Qc7 9. Qe2 Bd6 10. Bd2 O-O 11. Rfc1 b6 12. Bd3 Bb7 13. Ne4 Nxe4 14. Bxe4 Qe7
15. dxc5 Bxc5 16. Bc3 Rfd8 17. Qc2 h6 18. a5 f5 19. Bxc6 Bxc6 20. b4 Bd6 21.
Bf6 Qxf6 22. Qxc6 b5 23. Rab1 Kh7 24. g3 Qe7 25. Nd4 Rdc8 26. Qb6 Rcb8 27. Qc6
Rc8 28. Qb6 Rcb8 1/2-1/2

[Event "BL 8889 Kirchheim-Bochum"]
[Site "?"]
[Date "1989.??.??"]
[Round "?.1"]
[White "Graf, J."]
[Black "Adorjan, A."]
[Result "1/2-1/2"]
[WhiteElo "2405"]
[BlackElo "2520"]
[PlyCount "50"]
[EventDate "1989.??.??"]

1. d4 Nf6 2. c4 e6 3. Nc3 Bb4 4. Bg5 c5 5. d5 h6 6. Bh4 b5 7. dxe6 fxe6 8. cxb5
O-O 9. e3 Qa5 10. Bxf6 Rxf6 11. Qc1 a6 12. bxa6 Nxa6 13. Be2 Nc7 14. Bf3 Nd5
15. Nge2 Bxc3+ 16. Nxc3 Ba6 17. Qd2 Rxf3 18. gxf3 Nb4 19. Rg1 Nd3+ 20. Kd1 Rb8
21. Rb1 Rb6 22. Ne4 Qxa2 23. Qc2 d5 24. Nc3 Nxb2+ 25. Kc1 Nd3+ 1/2-1/2

[Event "BL 8889 Kirchheim-Bochum"]
[Site "?"]
[Date "1989.??.??"]
[Round "?.3"]
[White "Sonntag, H."]
[Black "Mueller, O."]
[Result "0-1"]
[WhiteElo "2380"]
[BlackElo "2355"]
[PlyCount "76"]
[EventDate "1989.??.??"]

1. d4 Nf6 2. c4 e6 3. Nc3 Bb4 4. e3 c5 5. Bd3 O-O 6. Nge2 d5 7. cxd5 cxd4 8.
exd4 Nxd5 9. O-O Nc6 10. Bc2 Be7 11. a3 Nxc3 12. bxc3 b6 13. Qd3 g6 14. Rd1 Bb7
15. Bh6 Re8 16. Qh3 Bf6 17. Ng3 Na5 18. Ne4 Bxe4 19. Bxe4 Rc8 20. Rd3 Qe7 21.
Qf3 Bh8 22. Re3 Rc4 23. d5 e5 24. Qh3 Nb7 25. Rae1 Nc5 26. g3 Nxe4 27. Rxe4
Rxc3 28. Bd2 Rd3 29. Bb4 Qb7 30. d6 a5 31. Qf1 Qd5 32. R4e3 Rxe3 33. Rd1 Qa8
34. d7 Rd8 35. Be7 Re4 36. Qb5 Rd4 37. Rxd4 exd4 38. Bxd8 Qxd8 0-1

[Event "BL 8889 Kirchheim-Bochum"]
[Site "?"]
[Date "1989.??.??"]
[Round "?.5"]
[White "Vatter, H."]
[Black "Vonthron, H."]
[Result "0-1"]
[WhiteElo "2335"]
[BlackElo "2330"]
[PlyCount "104"]
[EventDate "1989.??.??"]

1. e4 c5 2. Nf3 d6 3. d4 cxd4 4. Nxd4 Nf6 5. Nc3 e6 6. g4 h6 7. h4 Be7 8. Rg1
d5 9. Bb5+ Kf8 10. f3 e5 11. Nb3 Qb6 12. Rf1 d4 13. g5 hxg5 14. hxg5 Ng8 15.
Nd5 Qxb5 16. Nc7 Qc6 17. Nxa8 b6 18. Nxb6 Qxb6 19. Kf2 Qg6 20. Rh1 Rxh1 21.
Qxh1 Bxg5 22. Qg2 Bh4+ 23. Kf1 Qxg2+ 24. Kxg2 f5 25. exf5 Nc6 26. c3 d3 27. Be3
Bxf5 28. Rh1 Be7 29. Bc5 Nf6 30. Kf2 g5 31. Ke3 Kf7 32. Bxe7 Nxe7 33. c4 g4 34.
Nc5 gxf3 35. Nxd3 Bxd3 36. Kxd3 Nf5 37. c5 Ke6 38. Rc1 Kd7 39. b4 e4+ 40. Kd2
e3+ 41. Kd3 f2 42. b5 Ng3 43. Kxe3 f1=Q 44. Rxf1 Nxf1+ 45. Kd3 Kc8 46. a4 Nd7
47. Kc4 Nd2+ 48. Kb4 Ne4 49. c6 Nb8 50. Kc4 Kc7 51. a5 Nd6+ 52. Kc5 Nxb5 0-1

[Event "BL 8889 Kirchheim-Bochum"]
[Site "?"]
[Date "1989.??.??"]
[Round "?.6"]
[White "Mudelsee, M."]
[Black "Backwinkel, P."]
[Result "0-1"]
[WhiteElo "2385"]
[BlackElo "2315"]
[PlyCount "62"]
[EventDate "1989.??.??"]

1. e4 c5 2. Nf3 Nc6 3. d4 cxd4 4. Nxd4 e5 5. Nb3 d6 6. Nc3 Be6 7. Be2 Be7 8.
O-O Nf6 9. f4 exf4 10. Bxf4 O-O 11. Qe1 d5 12. e5 Ne4 13. Bd3 Nxc3 14. bxc3 Bg5
15. Nd4 Bxf4 16. Rxf4 Ne7 17. Qg3 Ng6 18. Bxg6 hxg6 19. Raf1 Qb6 20. Kh1 Rac8
21. h3 Qa6 22. R1f3 Rce8 23. Re3 Qxa2 24. Nf3 g5 25. Nxg5 Qxc2 26. Qh4 Bf5 27.
e6 f6 28. Nf3 Rxe6 29. Rxe6 Bxe6 30. Nd4 Qc1+ 31. Kh2 g5 0-1

[Event "BL 8889 Kirchheim-Bochum"]
[Site "?"]
[Date "1989.??.??"]
[Round "?.7"]
[White "Ueter, H."]
[Black "Messmer, M."]
[Result "0-1"]
[WhiteElo "2275"]
[BlackElo "2260"]
[PlyCount "70"]
[EventDate "1989.??.??"]

1. e4 c5 2. Nf3 Nc6 3. d4 cxd4 4. Nxd4 g6 5. Nc3 Bg7 6. Be3 Nf6 7. Bc4 Qa5 8.
O-O O-O 9. Nb3 Qc7 10. f4 d6 11. Be2 b6 12. Bf3 Bb7 13. Qd2 Rac8 14. Rae1 Ba6
15. Rf2 Na5 16. Nxa5 bxa5 17. g4 e6 18. f5 Nd7 19. Bh6 Qc5 20. Kg2 Rb8 21. Bxg7
Kxg7 22. e5 d5 23. f6+ Kh8 24. Qh6 Rg8 25. a3 Qc7 26. Bxd5 exd5 27. Rf3 Nf8 28.
Nxd5 Qd7 29. Ne7 Bb7 30. Kf2 Bxf3 31. Nxg8 Ne6 32. Ne7 Bxg4 33. Re4 Bh5 34. Rc4
Qd1 35. Rc3 Rd8 0-1

[Event "BL 8889 Sindelfingen-Lasker"]
[Site "?"]
[Date "1989.??.??"]
[Round "?.1"]
[White "Brunner, L."]
[Black "Mohr, S."]
[Result "0-1"]
[WhiteElo "2425"]
[BlackElo "2470"]
[PlyCount "88"]
[EventDate "1989.??.??"]

1. e4 e6 2. d4 d5 3. Nc3 Bb4 4. e5 c5 5. a3 Bxc3+ 6. bxc3 Qc7 7. Nf3 Ne7 8. a4
b6 9. Bb5+ Bd7 10. Bd3 Nbc6 11. O-O h6 12. Re1 O-O 13. dxc5 bxc5 14. c4 dxc4
15. Bxc4 Rfd8 16. Qe2 Na5 17. Bb5 Bc6 18. Bd2 Bd5 19. Bc3 Nac6 20. Rad1 Rac8
21. Bd3 c4 22. Be4 Bxe4 23. Rxd8+ Qxd8 24. Qxe4 Nd5 25. Bd2 c3 26. Bc1 Na5 27.
Rd1 Rc4 28. Rd4 Qc7 29. g4 Rxd4 30. Qxd4 Nc6 31. Qe4 Qb6 32. Ba3 Qb1+ 33. Kg2
g5 34. Ne1 Qd1 35. h3 Nd4 36. Bc5 Ne2 37. Kf1 Nef4 38. Qf3 Qa1 39. Bxa7 Qxa4
40. Be3 Ng6 41. Qg3 Qe4 42. Nd3 Ngf4 43. Bxf4 gxf4 44. Qg2 Qxd3+ 0-1

[Event "BL 8889 Sindelfingen-Lasker"]
[Site "?"]
[Date "1989.??.??"]
[Round "?.2"]
[White "Fahnenschmidt, G."]
[Black "Berg, K."]
[Result "1/2-1/2"]
[WhiteElo "2380"]
[BlackElo "2385"]
[PlyCount "45"]
[EventDate "1989.??.??"]

1. c4 g6 2. e4 Bg7 3. d4 d6 4. Nc3 e5 5. dxe5 dxe5 6. Qxd8+ Kxd8 7. f4 Be6 8.
Nf3 Nd7 9. Be2 f6 10. O-O c6 11. Be3 Bh6 12. g3 Ne7 13. Rad1 Kc7 14. Ne1 Rhe8
15. Ng2 Bh3 16. Bf3 f5 17. Rfe1 Bxg2 18. Bxg2 exf4 19. Bxf4+ Bxf4 20. gxf4 Nc5
21. Bh3 Rad8 22. Rxd8 Kxd8 23. exf5 1/2-1/2

[Event "BL 8889 Sindelfingen-Lasker"]
[Site "?"]
[Date "1989.??.??"]
[Round "?.3"]
[White "Fries Nielsen, J."]
[Black "Franke, H."]
[Result "1-0"]
[WhiteElo "2385"]
[BlackElo "2360"]
[PlyCount "21"]
[EventDate "1989.??.??"]

1. e4 e6 2. d4 d5 3. Nc3 Bb4 4. e5 c5 5. Qg4 cxd4 6. Qxg7 dxc3 7. b3 Qh4 8. Bd3
Ne7 9. Qxh8+ Kd7 10. Nf3 Qg4 11. O-O 1-0

[Event "BL 8889 Sindelfingen-Lasker"]
[Site "?"]
[Date "1989.??.??"]
[Round "?.4"]
[White "Bialas, W."]
[Black "Muse, M."]
[Result "0-1"]
[WhiteElo "2365"]
[BlackElo "2380"]
[PlyCount "96"]
[EventDate "1989.??.??"]

1. d4 Nf6 2. Nf3 g6 3. Bf4 Bg7 4. e3 d6 5. h3 O-O 6. c4 c5 7. Nc3 Qa5 8. Bd3
cxd4 9. exd4 e5 10. Bd2 Nc6 11. dxe5 dxe5 12. O-O h6 13. a3 Qd8 14. Qc2 Be6 15.
Rad1 Rc8 16. Be3 Qe7 17. b4 Nd7 18. c5 f5 19. Bb5 e4 20. Nd4 Nxd4 21. Bxd4 Ne5
22. Ne2 Rfd8 23. f4 exf3 24. gxf3 Qh4 25. Kg2 f4 26. Rh1 Nxf3 27. Qxg6 Nxd4 28.
Rxd4 Qg5+ 29. Qxg5 hxg5 30. Bc4 Bxc4 31. Rxc4 Rd3 32. Kf2 Re8 33. Rc2 Rxa3 34.
Rg1 f3 35. Rxg5 fxe2 36. Rxe2 Rxe2+ 37. Kxe2 Rxh3 38. Rd5 Rh2+ 39. Kd3 Rh3+ 40.
Kc4 Rh4+ 41. Kb5 Bc3 42. Rd8+ Kf7 43. Rd7+ Ke6 44. Rxb7 Rxb4+ 45. Ka6 Ra4+ 46.
Kb5 Rb4+ 47. Ka6 Rxb7 48. Kxb7 a5 0-1

[Event "BL 8889 Sindelfingen-Lasker"]
[Site "?"]
[Date "1989.??.??"]
[Round "?.5"]
[White "Junge, R."]
[Black "Gruenenwald, J."]
[Result "1-0"]
[WhiteElo "2370"]
[BlackElo "2345"]
[PlyCount "53"]
[EventDate "1989.??.??"]

1. e4 c5 2. d4 cxd4 3. c3 d3 4. c4 d6 5. Bxd3 Nf6 6. Nc3 e6 7. Nf3 Be7 8. O-O
O-O 9. Qe2 Nbd7 10. Rd1 Ne5 11. Nxe5 dxe5 12. Be3 Bd7 13. c5 a5 14. Bb5 Qc8 15.
Na4 Bxb5 16. Qxb5 Qe8 17. Qxe8 Rfxe8 18. Nb6 Rad8 19. f3 Rxd1+ 20. Rxd1 Bd8 21.
Nc4 Bc7 22. a4 Rc8 23. Rd3 Kf8 24. Rb3 Rb8 25. c6 b6 26. Bxb6 Ke8 27. Rb5 1-0

[Event "BL 8889 Sindelfingen-Lasker"]
[Site "?"]
[Date "1989.??.??"]
[Round "?.7"]
[White "Busch, K."]
[Black "Werner, Marc"]
[Result "1/2-1/2"]
[WhiteElo "2340"]
[BlackElo "2315"]
[PlyCount "48"]
[EventDate "1989.??.??"]

1. Nf3 e6 2. g3 f5 3. Bg2 Nf6 4. O-O d5 5. d3 Be7 6. b3 O-O 7. Bb2 b6 8. Nbd2
Bb7 9. e4 Nc6 10. Qe2 Qd7 11. c4 dxe4 12. dxe4 Rae8 13. Rad1 Qc8 14. Rfe1 a5
15. exf5 exf5 16. Qe6+ Qxe6 17. Rxe6 Nd8 18. Re2 Bc5 19. Rxe8 Nxe8 20. Ne5 Bxg2
21. Kxg2 Nf6 22. Ndf3 Ne6 23. Nd7 Nxd7 24. Rxd7 Rc8 1/2-1/2

[Event "BL 8889 Kirchheim-Kreuzberg"]
[Site "?"]
[Date "1989.??.??"]
[Round "?.1"]
[White "Wells, P."]
[Black "Adorjan, A."]
[Result "0-1"]
[WhiteElo "2410"]
[BlackElo "2520"]
[PlyCount "58"]
[EventDate "1989.??.??"]

1. Nf3 c5 2. c4 Nf6 3. Nc3 e6 4. g3 b6 5. Bg2 Bb7 6. O-O d6 7. Re1 Be7 8. e4 a6
9. d4 cxd4 10. Nxd4 Qc7 11. Be3 Nbd7 12. Rc1 Rc8 13. f4 Qb8 14. g4 g6 15. g5
Nh5 16. f5 e5 17. f6 exd4 18. Bxd4 Bd8 19. Bh3 Nf4 20. Bg4 h5 21. gxh6 Ne5 22.
Rf1 Nxg4 23. Qxg4 Rxc4 24. Rcd1 Nh5 25. Nd5 b5 26. Rfe1 Qc8 27. Qg5 Qe6 28. Bc3
O-O 29. Rd3 Rxe4 0-1

[Event "BL 8889 Kirchheim-Kreuzberg"]
[Site "?"]
[Date "1989.??.??"]
[Round "?.2"]
[White "Gschnitzer, O."]
[Black "Loeffler, S."]
[Result "0-1"]
[WhiteElo "2365"]
[BlackElo "2375"]
[PlyCount "88"]
[EventDate "1989.??.??"]

1. d4 Nf6 2. Nf3 c5 3. d5 e6 4. c4 d6 5. Nc3 g6 6. e4 Bg7 7. h3 O-O 8. Bd3 exd5
9. exd5 Re8+ 10. Be3 a6 11. a4 Nbd7 12. O-O Nh5 13. g4 Nhf6 14. Qd2 h5 15. g5
Nh7 16. Kg2 Ne5 17. Nxe5 Bxe5 18. f4 Bxc3 19. bxc3 Bf5 20. Bxf5 gxf5 21. Rfe1
Re4 22. Qd1 Qe8 23. Kf2 Nf8 24. Qxh5 Rxc4 25. Bd2 Re4 26. h4 b5 27. Qf3 bxa4
28. Qh3 Rxe1 29. Rxe1 Qd7 30. c4 Rb8 31. Bc3 Ng6 32. h5 Nxf4 33. Qe3 Nxh5 34.
Ba1 f4 35. Qc3 f6 36. gxf6 Qg4 37. f7+ Kxf7 38. Rg1 Qh4+ 39. Ke2 Re8+ 40. Kd1
Qf6 41. Qxf6+ Nxf6 42. Rg5 Rh8 43. Kc2 Rh5 44. Rg1 f3 0-1

[Event "BL 8889 Kirchheim-Kreuzberg"]
[Site "?"]
[Date "1989.??.??"]
[Round "?.3"]
[White "Glienke, M."]
[Black "Mueller, O."]
[Result "1/2-1/2"]
[WhiteElo "2295"]
[BlackElo "2355"]
[PlyCount "170"]
[EventDate "1989.??.??"]

1. g3 d5 2. Bg2 c6 3. Nf3 Bg4 4. O-O Nd7 5. d3 e6 6. Nbd2 Ngf6 7. b3 Be7 8. Bb2
O-O 9. c4 a5 10. a3 b5 11. Qc2 Qb6 12. cxb5 cxb5 13. Rac1 Bc5 14. h3 Rac8 15.
Qb1 Bh5 16. g4 Bg6 17. Qa1 Rc7 18. Ne5 Rfc8 19. d4 Be7 20. Rxc7 Rxc7 21. Nxg6
hxg6 22. Rc1 Bd6 23. e3 b4 24. a4 g5 25. Bf1 Rxc1 26. Qxc1 Qc7 27. Bb5 Qxc1+
28. Bxc1 Nb6 29. Bd3 Nfd7 30. Nf3 f6 31. Bb2 Kf8 32. Kf1 Ke7 33. Ke2 Bc7 34.
Bc2 Nc8 35. Ne1 Nd6 36. f3 Nc8 37. Bd3 Ncb6 38. Bb5 Nc8 39. Ng2 Nd6 40. Bd3 Bb6
41. Bc2 Nb8 42. Ne1 Nc6 43. Nd3 Ba7 44. Nf2 Bb6 45. Bh7 Kf7 46. Bb1 Ke7 47. Nh1
Ba7 48. Ng3 Bb8 49. Kf2 Ba7 50. Bd3 Bb6 51. Ne2 Ba7 52. Ke1 Bb6 53. Kd2 Ba7 54.
Nc1 Bb6 55. Bf1 Ba7 56. Bg2 Bb6 57. Ne2 Ba7 58. e4 dxe4 59. fxe4 e5 60. d5 Nb8
61. Nc1 Nd7 62. Nd3 Bg1 63. Kc2 Nb7 64. Bc1 Ndc5 65. Bd2 Bd4 66. Be1 Kd7 67.
Bd2 Kc7 68. Bc1 Kb6 69. Bd2 Nd6 70. Nxc5 Kxc5 71. Kd3 Bg1 72. h4 gxh4 73. g5
Nf7 74. gxf6 gxf6 75. Be1 Nh8 76. Bxh4 Ng6 77. Bg3 Nf4+ 78. Bxf4 exf4 79. Bf3
Bf2 80. Bh5 Bg1 81. Bd1 Bf2 82. Ke2 Bd4 83. Kf3 Be5 84. Kg4 Kd4 85. Kf3 Kc3
1/2-1/2

[Event "BL 8889 Kirchheim-Kreuzberg"]
[Site "?"]
[Date "1989.??.??"]
[Round "?.6"]
[White "Vonthron, H."]
[Black "Tyrtania, M."]
[Result "1-0"]
[WhiteElo "2330"]
[BlackElo "2300"]
[PlyCount "67"]
[EventDate "1989.??.??"]

1. e4 d6 2. d4 Nf6 3. Nc3 g6 4. Bg5 Bg7 5. Qd2 c6 6. O-O-O b5 7. f3 Qa5 8. Kb1
b4 9. Nce2 Be6 10. Nc1 Na6 11. Bxa6 Qxa6 12. Nge2 Qb7 13. Bh6 Bxh6 14. Qxh6 Bc4
15. Nf4 O-O-O 16. b3 Bb5 17. e5 dxe5 18. dxe5 Nd5 19. Nxd5 cxd5 20. Qf4 Be8 21.
Nd3 a5 22. Qd4 Kb8 23. Nc5 Qc6 24. c3 bxc3 25. Rc1 Bd7 26. Rxc3 Bf5+ 27. Kb2
Qb5 28. Rhc1 Bc8 29. Nd3 Bb7 30. a4 Qa6 31. Nc5 Qa7 32. e6 fxe6 33. Nd7+ Ka8
34. Nb6+ 1-0

[Event "BL 8889 Kirchheim-Kreuzberg"]
[Site "?"]
[Date "1989.??.??"]
[Round "?.7"]
[White "Konieczka, F."]
[Black "Mudelsee, M."]
[Result "0-1"]
[WhiteElo "2225"]
[BlackElo "2385"]
[PlyCount "172"]
[EventDate "1989.??.??"]

1. e4 c5 2. Nf3 Nc6 3. d3 g6 4. g3 Bg7 5. Bg2 e6 6. O-O Nge7 7. Nc3 d5 8. Re1
d4 9. Ne2 O-O 10. c3 e5 11. cxd4 cxd4 12. Bd2 Qb6 13. b4 a5 14. bxa5 Qa6 15.
Qc2 Nxa5 16. Reb1 Nec6 17. a4 Bd7 18. Ne1 Rfc8 19. Qc5 Nd8 20. Qa3 Bf8 21. Bb4
Bxb4 22. Qxb4 Qe6 23. f4 Nac6 24. Qb2 f6 25. Nf3 Ra5 26. h4 Rca8 27. fxe5 fxe5
28. Ng5 Qe7 29. Rf1 Kg7 30. Qb3 h6 31. Nf3 Qb4 32. Qc2 Rxa4 33. Rab1 Qa5 34.
Qb3 Be6 35. Qb5 Qxb5 36. Rxb5 R8a5 37. Rb6 Ra1 38. h5 g5 39. Nd2 Rxf1+ 40. Bxf1
Bg4 41. Nc4 Ra4 42. Rb5 Kf6 43. Nb6 Ra5 44. Rb2 Bxh5 45. Nc1 Bf7 46. Nc8 Ra4
47. Nb6 Ra5 48. Nc8 Rc5 49. Na2 Be6 50. Nd6 Ra5 51. Nb4 Nxb4 52. Rxb4 Ra7 53.
Rb6 Ke7 54. Nf5+ Bxf5 55. exf5 Ra6 56. Rb5 Kf6 57. g4 Rd6 58. Bg2 b6 59. Be4
Nf7 60. Bd5 Nd8 61. Be4 h5 62. gxh5 Nf7 63. Kg2 Nh6 64. Rb2 g4 65. Rb1 Kg5 66.
Rb5 Kf4 67. Rb1 Rf6 68. Rf1+ Kg5 69. Rh1 b5 70. Rb1 Rb6 71. Rb4 Kxh5 72. f6 Kg5
73. Kg3 Kxf6 74. Kh4 Ke6 75. Kg5 Kd6 76. Rb3 Kc5 77. Bg2 b4 78. Be4 Ra6 79. Rb2
Nf7+ 80. Kxg4 Ra3 81. Kf5 Rc3 82. Ke6 Ng5+ 83. Kxe5 Nxe4 84. Kxe4 Rc1 85. Kf3
Re1 86. Kf2 Re3 0-1

[Event "BL 8889 Lasker-Kirchheim"]
[Site "?"]
[Date "1989.??.??"]
[Round "?.1"]
[White "Adorjan, A."]
[Black "Brunner, L."]
[Result "1/2-1/2"]
[WhiteElo "2520"]
[BlackElo "2425"]
[PlyCount "34"]
[EventDate "1989.??.??"]

1. c4 c5 2. Nf3 Nf6 3. Nc3 e6 4. g3 d5 5. cxd5 Nxd5 6. Bg2 Nc6 7. O-O Be7 8. d4
O-O 9. Nxd5 exd5 10. dxc5 Bxc5 11. Ne1 d4 12. Nd3 Bb6 13. Bd2 Re8 14. Re1 Bf5
15. Nf4 Be4 16. Qb3 Bxg2 17. Kxg2 Qd7 1/2-1/2

[Event "BL 8889 Lasker-Kirchheim"]
[Site "?"]
[Date "1989.??.??"]
[Round "?.2"]
[White "Berg, K."]
[Black "Gschnitzer, O."]
[Result "1/2-1/2"]
[WhiteElo "2385"]
[BlackElo "2365"]
[PlyCount "111"]
[EventDate "1989.??.??"]

1. d4 Nf6 2. Nc3 d5 3. Bg5 Nbd7 4. Nf3 g6 5. e3 Bg7 6. Bd3 O-O 7. O-O c5 8. Re1
b6 9. e4 dxe4 10. Nxe4 cxd4 11. Nxd4 Bb7 12. c3 h6 13. Nxf6+ Nxf6 14. Bh4 Qd5
15. Bf1 g5 16. Bg3 Ne4 17. Nb5 Qc6 18. Nd4 Qd5 19. Nb5 Qc5 20. Qe2 a6 21. Nd4
e6 22. Nb3 Qc6 23. Nd4 Qc5 24. Nb3 Nxg3 25. hxg3 Qc7 26. Rad1 Rfd8 27. Qe3 Rxd1
28. Rxd1 Rd8 29. Rxd8+ Qxd8 30. Be2 a5 31. Bf3 Bxf3 32. gxf3 a4 33. Nd2 Qd5 34.
b3 axb3 35. axb3 Qa5 36. Nc4 Qa1+ 37. Kg2 Bxc3 38. Qxb6 Bd4 39. Qa5 Qxa5 40.
Nxa5 h5 41. b4 Kf8 42. Nc6 Bb6 43. g4 h4 44. f4 f6 45. fxg5 fxg5 46. f3 Ke8 47.
f4 gxf4 48. Ne5 Bc7 49. Nf3 e5 50. Nd2 Kd7 51. Kh3 Bd8 52. Ne4 Kc6 53. g5 Bxg5
54. Nxg5 Kb5 55. Kxh4 Kxb4 56. Kg4 1/2-1/2

[Event "BL 8889 Lasker-Kirchheim"]
[Site "?"]
[Date "1989.??.??"]
[Round "?.3"]
[White "Mueller, O."]
[Black "Fries Nielsen, J."]
[Result "1/2-1/2"]
[WhiteElo "2355"]
[BlackElo "2385"]
[PlyCount "118"]
[EventDate "1989.??.??"]

1. e4 c5 2. Nf3 Nc6 3. d4 cxd4 4. Nxd4 Nf6 5. Nc3 e5 6. Ndb5 d6 7. Nd5 Nxd5 8.
exd5 Ne7 9. c4 Nf5 10. Bd3 Be7 11. O-O O-O 12. Kh1 a6 13. Nc3 Nh4 14. f4 f5 15.
g3 Ng6 16. Be3 Bf6 17. Rc1 exf4 18. gxf4 Re8 19. Qf3 Bd7 20. b4 a5 21. b5 a4
22. a3 Qa5 23. Nd1 Re7 24. Qf2 Bh4 25. Qg1 Rae8 26. Rc2 Qa8 27. Bd2 Qd8 28. Nc3
Bf6 29. Qf2 Bh4 30. Qg1 Bf6 31. Nxa4 Qa8 32. Nc3 Qxa3 33. Ra2 Qb3 34. Rb1 Qxc3
35. Bxc3 Bxc3 36. Rc2 Ba5 37. Qa7 Re1+ 38. Rxe1 Rxe1+ 39. Kg2 Nxf4+ 40. Kf3
Nxd3 41. Qxa5 f4 42. c5 Re3+ 43. Kg2 f3+ 44. Kg1 dxc5 45. h4 Re8 46. d6 h6 47.
Rf2 Re1+ 48. Kh2 Nxf2 49. Qxe1 Ng4+ 50. Kg3 f2 51. Qe2 h5 52. Kg2 b6 53. Qe7
Bxb5 54. Qe6+ Kh8 55. Qc8+ Kh7 56. Qf5+ Kg8 57. Qe6+ Kh8 58. Qc8+ Kh7 59. Qf5+
Kg8 1/2-1/2

[Event "BL 8889 Lasker-Kirchheim"]
[Site "?"]
[Date "1989.??.??"]
[Round "?.6"]
[White "Simon, R."]
[Black "Vonthron, H."]
[Result "1/2-1/2"]
[WhiteElo "2285"]
[BlackElo "2330"]
[PlyCount "124"]
[EventDate "1989.??.??"]

1. Nf3 Nf6 2. e3 b6 3. c4 Bb7 4. b3 e6 5. Bb2 Be7 6. Nc3 O-O 7. Bd3 d5 8. cxd5
exd5 9. O-O Ne4 10. Rc1 Nd7 11. Bb1 Ndc5 12. Ne2 Bf6 13. Ba3 Re8 14. d3 Ng5 15.
Nxg5 Bxg5 16. Bxc5 bxc5 17. Qc2 d4 18. f4 Be7 19. e4 a5 20. Rf2 Qd7 21. Qd2 Qg4
22. Ng3 g6 23. Bc2 Rf8 24. Bd1 Qd7 25. Bf3 f6 26. e5 Bxf3 27. exf6 Bd5 28. fxe7
Qxe7 29. Ne4 Bxe4 30. Re2 a4 31. Rxe4 Qd6 32. Re5 axb3 33. axb3 Rf5 34. Rxf5
gxf5 35. Re1 Qd5 36. Qf2 Ra6 37. h4 Qxb3 38. Qe2 Qf7 39. h5 Kg7 40. Qe5+ Qf6
41. Qe8 Kh6 42. g3 c4 43. dxc4 d3 44. Qe3 Rd6 45. c5 Rd5 46. Qd2 Qc6 47. Kh2
Rxc5 48. Qxd3 Rc2+ 49. Re2 Rxe2+ 50. Qxe2 Qf6 51. Qe8 c5 52. Qg8 Qe7 53. Kh3
Qf6 54. Qd5 Qf8 55. g4 fxg4+ 56. Kxg4 Kg7 57. h6+ Kh8 58. Qe5+ Kg8 59. Qd5+ Kh8
60. Qe5+ Kg8 61. Qe6+ Qf7 62. Qc8+ Qf8 1/2-1/2

[Event "BL 8889 Lasker-Kirchheim"]
[Site "?"]
[Date "1989.??.??"]
[Round "?.7"]
[White "Mudelsee, M."]
[Black "Busch, K."]
[Result "0-1"]
[WhiteElo "2385"]
[BlackElo "2340"]
[PlyCount "83"]
[EventDate "1989.??.??"]

1. e4 c5 2. Nf3 d6 3. d4 cxd4 4. Nxd4 Nf6 5. Nc3 a6 6. Bg5 e6 7. f4 Be7 8. Qf3
Qc7 9. O-O-O Nbd7 10. Bd3 h6 11. h4 Nc5 12. f5 hxg5 13. hxg5 Rxh1 14. Rxh1 Nfd7
15. Rh8+ Bf8 16. fxe6 Ne5 17. Qh5 Ncxd3+ 18. cxd3 Ng6 19. Rg8 Qc5 20. Qf3 Bxe6
21. Nf5 O-O-O 22. d4 Qc4 23. d5 Bxf5 24. Qxf5+ Rd7 25. Kc2 Qd4 26. g3 Kd8 27.
a3 Rc7 28. Qf3 Ke8 29. Qe2 Qg1 30. Qd2 Qh1 31. Qd4 Qh7 32. Rxf8+ Kxf8 33. Qb6
Rd7 34. Qa7 Qh2+ 35. Kb3 Qxg3 36. Qb8+ Ke7 37. Ka2 Ne5 38. Na4 Qe3 39. g6 Nxg6
40. Qg8 Qd4 41. Nc3 Qe5 42. Qh7 0-1

[Event "BL 8889 Kreuzberg-Sindelfingen"]
[Site "?"]
[Date "1989.??.??"]
[Round "?.1"]
[White "Mohr, S."]
[Black "Wells, P."]
[Result "0-1"]
[WhiteElo "2470"]
[BlackElo "2410"]
[PlyCount "82"]
[EventDate "1989.??.??"]

1. d4 Nf6 2. c4 e6 3. Nc3 Bb4 4. Qc2 O-O 5. a3 Bxc3+ 6. Qxc3 b6 7. Bg5 Bb7 8.
f3 d6 9. e4 c5 10. d5 Nbd7 11. Nh3 h6 12. Be3 b5 13. dxe6 fxe6 14. Nf4 Re8 15.
O-O-O Qe7 16. Qd2 g5 17. Nh3 d5 18. cxd5 exd5 19. Bxb5 Rad8 20. Rhe1 dxe4 21.
Qc2 Kg7 22. f4 g4 23. Nf2 Qe6 24. Bd2 Qf5 25. g3 c4 26. Bxd7 Nxd7 27. Bc3+ Kh7
28. Rd6 Nc5 29. Rf6 Qh5 30. h3 Nd3+ 31. Nxd3 exd3 32. Qd2 gxh3 33. g4 Qd5 34.
f5 Rxe1+ 35. Qxe1 d2+ 36. Bxd2 Qxd2+ 37. Qxd2 Rxd2 38. Rf7+ Kg8 39. Rxb7 Rf2
40. Rb8+ Kf7 41. Rb7+ Kf6 0-1

[Event "BL 8889 Kreuzberg-Sindelfingen"]
[Site "?"]
[Date "1989.??.??"]
[Round "?.2"]
[White "Loeffler, S."]
[Black "Fahnenschmidt, G."]
[Result "0-1"]
[WhiteElo "2375"]
[BlackElo "2380"]
[PlyCount "70"]
[EventDate "1989.??.??"]

1. d4 Nf6 2. Nf3 e6 3. c4 b6 4. Nc3 Bb4 5. Bg5 Bb7 6. Qc2 h6 7. Bh4 Bxc3+ 8.
Qxc3 d6 9. e3 Nbd7 10. Be2 O-O 11. O-O a5 12. Rfd1 Qe8 13. Rac1 Ne4 14. Qc2 f5
15. Nd2 Nxd2 16. Qxd2 Qf7 17. f3 Kh8 18. Bg3 e5 19. dxe5 Nxe5 20. c5 bxc5 21.
Bxe5 dxe5 22. Rxc5 e4 23. f4 Ba6 24. Bxa6 Rxa6 25. Rxa5 Rd6 26. Qc2 Rfd8 27.
Rxd6 Rxd6 28. Ra8+ Kh7 29. Ra7 Qd7 30. h3 Rc6 31. Qe2 Qd3 32. Qf2 Qd1+ 33. Kh2
Rc2 34. Qh4 Qf1 35. Qg3 Rc1 0-1

[Event "BL 8889 Kreuzberg-Sindelfingen"]
[Site "?"]
[Date "1989.??.??"]
[Round "?.3"]
[White "Franke, H."]
[Black "Glienke, M."]
[Result "1/2-1/2"]
[WhiteElo "2360"]
[BlackElo "2295"]
[PlyCount "64"]
[EventDate "1989.??.??"]

1. d4 d5 2. Nf3 Nf6 3. c4 e6 4. Nc3 Be7 5. Bg5 O-O 6. e3 Nbd7 7. Rc1 c6 8. Bd3
dxc4 9. Bxc4 Nd5 10. Bxe7 Qxe7 11. O-O Re8 12. Qd2 Nxc3 13. Rxc3 e5 14. dxe5
Nxe5 15. Nxe5 Qxe5 16. f4 Qa5 17. f5 Bxf5 18. Qf2 Bg6 19. Bxf7+ Bxf7 20. Qxf7+
Kh8 21. Rf5 Qd8 22. h3 Re7 23. Rd3 Qe8 24. Qxe8+ Raxe8 25. Kf2 g6 26. Rf6 Kg7
27. Rfd6 Rf7+ 28. Ke2 Ree7 29. Ra3 a6 30. Rad3 Rf5 31. Rd7 Rfe5 32. Rxe7+ Rxe7
1/2-1/2

[Event "BL 8889 Kreuzberg-Sindelfingen"]
[Site "?"]
[Date "1989.??.??"]
[Round "?.4"]
[White "Lehmann, K."]
[Black "Bialas, W."]
[Result "0-1"]
[WhiteElo "2325"]
[BlackElo "2365"]
[PlyCount "90"]
[EventDate "1989.??.??"]

1. e4 c5 2. c3 d5 3. exd5 Qxd5 4. d4 Nf6 5. Nf3 e6 6. Bd3 Nc6 7. O-O cxd4 8.
cxd4 Be7 9. Nc3 Qd6 10. a3 O-O 11. Be3 Rd8 12. Bc2 b6 13. Qd3 Bb7 14. Rad1 Rac8
15. Bb1 Qb8 16. Bg5 g6 17. Ba2 Ng4 18. Qe4 Nce5 19. Nxe5 Bxe4 20. Bxe7 Nxe5 21.
Bxd8 Ng4 22. g3 Rxc3 23. bxc3 Qxd8 24. f3 Ne3 25. fxe4 Nxd1 26. Rxd1 Qd6 27. d5
Kf8 28. Kf1 Ke7 29. Bc4 Qxa3 30. d6+ Kd8 31. d7 a6 32. Be2 Qxc3 33. Bxa6 Qf3+
34. Ke1 Qxe4+ 35. Kf2 b5 36. Bc8 Qc2+ 37. Ke1 Qxh2 38. Rd3 Qc2 39. Rf3 Qc1+ 40.
Ke2 e5 41. Rd3 b4 42. Rd1 Qc3 43. Ba6 e4 44. Bb5 Qf3+ 45. Kd2 Qf2+ 0-1

[Event "BL 8889 Kreuzberg-Sindelfingen"]
[Site "?"]
[Date "1989.??.??"]
[Round "?.6"]
[White "Tyrtania, M."]
[Black "Sieglen, J."]
[Result "1/2-1/2"]
[WhiteElo "2300"]
[BlackElo "2330"]
[PlyCount "82"]
[EventDate "1989.??.??"]

1. d4 Nf6 2. c4 g6 3. Nc3 Bg7 4. e4 d6 5. Nge2 e5 6. d5 c6 7. Ng3 cxd5 8. cxd5
Nbd7 9. Be2 a6 10. O-O h5 11. Bg5 h4 12. Nh1 Qb6 13. Qc2 Nc5 14. Rab1 a5 15. b3
Bd7 16. Na4 Bxa4 17. bxa4 Qa7 18. Bb5+ Kf8 19. Bd3 Rc8 20. Rb5 Nfd7 21. Be2 f6
22. Be3 Bh6 23. Rfb1 Bxe3 24. fxe3 Ke7 25. Bg4 Rc7 26. Nf2 Rhc8 27. Rf1 Rf8 28.
Rbb1 Ne6 29. Qe2 Ng5 30. Bxd7 Rxd7 31. Rbc1 Kd8 32. Rc3 Rff7 33. Qg4 Rc7 34.
Rxc7 Rxc7 35. Qxh4 Qxe3 36. h3 Rh7 37. Qg4 Qf4 38. Qxf4 exf4 39. Rc1 f3 40.
gxf3 Nxf3+ 41. Kg2 Ne5 1/2-1/2